The ECG Made Easy (Record no. 2435)
[ view plain ]
| 000 -LEADER | |
|---|---|
| fixed length control field | 00373nam a22001577a 4500 |
| 008 - FIXED-LENGTH DATA ELEMENTS--GENERAL INFORMATION | |
| fixed length control field | 250318b |||||||| |||| 00| 0 eng d |
| 020 ## - INTERNATIONAL STANDARD BOOK NUMBER | |
| ISBN | 9780702074660 |
| 100 ## - MAIN ENTRY--AUTHOR | |
| Author | Hampton John |
| 245 ## - TITLE STATEMENT | |
| Title | The ECG Made Easy |
| 250 ## - EDITION STATEMENT | |
| Edition statement | 9th |
| 260 ## - PUBLICATION, DISTRIBUTION, ETC. (IMPRINT) | |
| Place of publication | Philadelpia |
| Name of publisher | Elsevier |
| Date of publication | 2019 |
| 300 ## - COLLATION | |
| Pagination | xii,194p |
| 650 ## - TRACINGS | |
| Main Subject | Electrocardiography |
| 942 ## - ADDED ENTRY ELEMENTS (KOHA) | |
| Item type | Books |
| 050 ## - LIBRARY OF CONGRESS CALL NUMBER | |
| Classification number | RC683.5 |
| Item number | .H36 |
| Source of classification or shelving scheme | Not for loan | Permanent location | Current location | Date acquired | Accession No. | Full call number | Barcode. | Koha item type |
|---|---|---|---|---|---|---|---|---|
| Library of Congress Classification | Medical Library | Medical Library | 03/18/2025 | 2024/64283 | RC683.5.H36 | 2025-0701 | Books |